Kurikulum študijných programov Farmaceutickej fakulty a Fakulty prírodných vied UK v Bratislave a možnosti rozvoja ekonomického vzdelávania z pohľadu celoživotnej uplatniteľnosti
Ekonomické vzdelávanie pre Farmaceutickú fakultu UK v Bratislave. Profil absolventa študijného odboru farmácia. Ekonomické vzdelávanie pre Prírodovedeckú fakutu UK v Bratislave. Uplatnenie absolventov magisterského štúdia Prírodovedeckej fakulty UK v Bratislave.
Gespeichert in:
| 1. Verfasser: | |
|---|---|
| Format: | Buchkapitel |
| Sprache: | Slowakisch |
| Schlagworte: | |
| Tags: |
Keine Tags, Fügen Sie das erste Tag hinzu!
|
MARC
| LEADER | 00000naa$a2200000$$$4500 | ||
|---|---|---|---|
| 001 | 0177865 | ||
| 005 | 20250321102828.3 | ||
| 041 | 0 | |a slo | |
| 044 | |a SK | ||
| 245 | 1 | 0 | |a Kurikulum študijných programov Farmaceutickej fakulty a Fakulty prírodných vied UK v Bratislave a možnosti rozvoja ekonomického vzdelávania z pohľadu celoživotnej uplatniteľnosti |c Daniela Breveníková |
| 520 | |a Ekonomické vzdelávanie pre Farmaceutickú fakultu UK v Bratislave. Profil absolventa študijného odboru farmácia. Ekonomické vzdelávanie pre Prírodovedeckú fakutu UK v Bratislave. Uplatnenie absolventov magisterského štúdia Prírodovedeckej fakulty UK v Bratislave. | ||
| 610 | 2 | 0 | |a vzdelávanie vysokoškolské |
| 610 | 2 | 0 | |a fakulty |
| 610 | 2 | 0 | |a programy študijné |
| 610 | 2 | 0 | |a univerzity |
| 610 | 2 | 0 | |a vedy prírodné |
| 610 | 2 | 0 | |a lekárnictvo |
| 610 | 2 | 0 | |a ekonómia |
| 610 | 2 | 0 | |a kurikulum |
| 100 | 1 | |a Breveníková, Daniela | |